000
00307nam a22001217a 4500
008
180912b xxu||||| |||| 00| 0 eng d
041
_a
eng
080
_a
591
100
_a
7
101
_a
ZOO
245
_a
Internal Parasites of Equids with Emphasis on Treatment and Control
_c
Drudge, J.H
942
_2
udc
_c
BK
999
_c
47714
_d
47714